Radio recombination lines (Record no. 9864)

MARC details
000 -LEADER
fixed length control field 01001nam a2200217Ia 4500
003 - CONTROL NUMBER IDENTIFIER
control field IN-BaIIA
008 - FIXED-LENGTH DATA ELEMENTS--GENERAL INFORMATION
fixed length control field 211028s9999 xx 000 0 eng d
020 ## - INTERNATIONAL STANDARD BOOK NUMBER
International Standard Book Number 0-7923-0804-2
040 ## - CATALOGING SOURCE
Transcribing agency IIA Library
080 ## - UNIVERSAL DECIMAL CLASSIFICATION NUMBER
Universal Decimal Classification number 52(082.1)
Item number ASS-163
111 ## - MAIN ENTRY--MEETING NAME
Meeting name or jurisdiction name as entry element International Astronomical Union Colloquium on Radio Recombination Lines, 25 Years of Investigation
Number of part/section/meeting 125th
Location of meeting Puschino, USSR
Date of meeting or treaty signing 1989 Sep. 11-16
9 (RLIN) 16721
245 #0 - TITLE STATEMENT
Title Radio recombination lines
Remainder of title proceedings of the International Astronomical Union colloquium on radio recombination lines, 25 years of investigation, held in Puschino, USSR, 11-16 Sep 1989
Statement of responsibility, etc. edited byM. A. Gordon and R. L. Sorochenko
260 ## - PUBLICATION, DISTRIBUTION, ETC.
Place of publication, distribution, etc. Dordrecht
Name of publisher, distributor, etc. Kluwer Academic
Date of publication, distribution, etc. 1990
300 ## - PHYSICAL DESCRIPTION
Extent vii, 298p.
490 ## - SERIES STATEMENT
Series statement Astrophysics and space science library; v. 163
650 ## - SUBJECT ADDED ENTRY--TOPICAL TERM
Topical term or geographic name entry element Radio astronomy
9 (RLIN) 2849
650 ## - SUBJECT ADDED ENTRY--TOPICAL TERM
Topical term or geographic name entry element Recombination lines
9 (RLIN) 16722
700 ## - ADDED ENTRY--PERSONAL NAME
Personal name Gordon, M. A., ed.
9 (RLIN) 7769
700 ## - ADDED ENTRY--PERSONAL NAME
Personal name Sorochenko, R. L., ed.
9 (RLIN) 16723
942 ## - ADDED ENTRY ELEMENTS (KOHA)
Koha item type Books
Holdings
Withdrawn status Lost status Damaged status Not for loan Home library Current library Shelving location Date acquired Cost, normal purchase price Total Checkouts Full call number Barcode Date last seen Cost, replacement price Price effective from Koha item type Purchase Price
        IIA Library-Bangalore IIA Library-Bangalore General Stacks   1648.00   52(082.1)/ ASS-163 10774 05/11/2021 1648.00   Books Rs. 1648

Powered by Koha